[Event "4th ch-Asia"]
[Site "Doha QAT"]
[Date "2003.02.22"]
[Round "1"]
[White "Janahi, Zeyaad"]
[Black "Villamayor, Buenaventura"]
[Result "0-1"]
[WhiteElo "2245"]
[BlackElo "2489"]
[EventDate "2003.02.22"]
[PlyCount "20"]

1.d4 Nf6 2.Nf3 e6 3.Bf4 c5 4.c4 cxd4 5.Nxd4 e5 6.Bxe5 Qa5+ 7.Nc3 Qxe5 8.g3
Bb4 9.Bg2 Nc6 10.Nb5 O-O 0-1

[Event "4th ch-Asia"]
[Site "Doha QAT"]
[Date "2003.02.25"]
[Round "4"]
[White "Altanoch, Genden"]
[Black "Neelotpal, Das"]
[Result "0-1"]
[WhiteElo "2284"]
[BlackElo "2406"]
[EventDate "2003.02.22"]
[PlyCount "102"]

1.d4 Nf6 2.c4 e6 3.Nc3 Bb4 4.e3 O-O 5.Bd3 c5 6.Ne2 Nc6 7.O-O d5 8.cxd5 
exd5 9.a3 cxd4 10.Nxd4 Bd6 11.Nf3 Bg4 12.Be2 Rc8 13.b3 Bb8 14.Bb2 a6 15.
Rc1 Re8 16.Re1 Qd6 17.g3 Ba7 18.Nd4 Ne5 19.Kg2 Rcd8 20.Bxg4 Nexg4 21.h3 
Ne5 22.Nce2 Ne4 23.Ng1 Nc5 24.Rc3 Qg6 25.Ngf3 Ncd3 26.Re2 Qe4 27.Kh2 Rd6 
28.Rd2 Bxd4 29.Nxd4 Nxb2 30.Rxb2 Rh6 31.f3 Qg6 32.Rbc2 Nd7 33.Rc8 Rf8 34.
R8c7 Nf6 35.Rxb7 Qh5 36.Qf1 Qe5 37.Qd3 Re8 38.Re2 Rg6 39.f4 Qd6 40.Nf5 
Qxa3 41.Rc2 h5 42.Rbc7 Qa1 43.Rc8 Rxc8 44.Rxc8+ Kh7 45.Nh4 Qe1 46.Nxg6 
Qf2+ 47.Kh1 Ne4 48.Rh8+ Kxg6 49.g4 Qf3+ 50.Kg1 Qg3+ 51.Kf1 Qf2# 0-1

[Event "4th ch-Asia"]
[Site "Doha QAT"]
[Date "2003.03.01"]
[Round "8"]
[White "Altanoch, Genden"]
[Black "Wu Shaobin"]
[Result "0-1"]
[WhiteElo "2284"]
[BlackElo "2545"]
[EventDate "2003.02.22"]
[PlyCount "72"]

1.d4 Nf6 2.c4 e6 3.Nc3 Bb4 4.e3 O-O 5.Bd3 d5 6.cxd5 exd5 7.Ne2 c6 8.O-O 
Nbd7 9.Ng3 Re8 10.a3 Bd6 11.b4 a6 12.Rb1 Nf8 13.a4 Ng4 14.Qf3 Nxh2 15.Qh5 
Nxf1 16.Nxf1 Qe7 17.b5 axb5 18.axb5 g6 19.Qh6 f5 20.g4 fxg4 21.e4 Be6 22.
e5 Ba3 23.Bg5 Qf7 24.Ne2 c5 25.Nf4 c4 26.Bc2 Be7 27.Ne3 Ra2 28.Kg2 Rxc2 
29.Bxe7 Rxe7 30.Nxc2 Qf5 31.Rb2 Rf7 32.Ra2 Qe4+ 33.Kg1 Rxf4 34.Ra1 g3 35.
fxg3 Rf3 36.Qh2 Qd3 0-1

[Event "4th ch-Asia"]
[Site "Doha QAT"]
[Date "2003.03.02"]
[Round "9"]
[White "Safin, Shukhrat"]
[Black "Bakre, Tejas"]
[Result "1/2-1/2"]
[WhiteElo "2529"]
[BlackElo "2464"]
[EventDate "2003.02.22"]
[PlyCount "47"]

1.d4 Nf6 2.c4 e6 3.Nc3 Bb4 4.e3 c5 5.Ne2 d5 6.a3 Ba5 7.dxc5 dxc4 8.Qxd8+ 
Bxd8 9.Nd4 Nbd7 10.Bxc4 Nxc5 11.f3 a6 12.Ke2 e5 13.Nb3 Be6 14.Bxe6 Nxe6 
15.Bd2 Bc7 16.Rac1 O-O-O 17.Rhd1 Kb8 18.Be1 Rxd1 19.Rxd1 Rd8 20.Rxd8+ Bxd8
21.Bh4 Kc8 22.Bxf6 Bxf6 23.Nd5 Bd8 24.Kd3 1/2-1/2